[Event "Stay Safe Play From Home 349"]
[Site "Emanuel Lasker Arena"]
[Date "2020.08.02"]
[Round "6"]
[White "Edmatuag"]
[Black "Stefanone"]
[Result "0-1"]
[WhiteElo "1668"]
[BlackElo "2035"]
[PlyCount "90"]
[EventDate "2020.08.02"]
[EventType "swiss (blitz)"]

1. e4 {[%emt 0:00:01]} e6 {[%emt 0:00:01]} 2. d4 {[%emt 0:00:01]} d5 {[%emt 0:00:00]} 3. Nc3 {[%emt 0:00:03]} c6 {[%emt 0:00:01]} 4. f3 {[%emt 0:00:02]} f5 {[%emt 0:00:01]} 5. Bd3 {[%emt 0:00:01]} Bb4 {[%emt 0:00:03]} 6. Nge2 {[%emt 0:00:02]} Nf6 {[%emt 0:00:01]} 7. O-O {[%emt 0:00:01]} O-O {[%emt 0:00:01]} 8. Bg5 {[%emt 0:00:01]} Be7 {[%emt 0:00:01]} 9. e5 {[%emt 0:00:02]} Nfd7 {[%emt 0:00:01]} 10. Bxe7 {[%emt 0:00:00]} Qxe7 {[%emt 0:00:00]} 11. f4 {[%emt 0:00:01]} b6 {[%emt 0:00:02]} 12. a3 {[%emt 0:00:02]} Bb7 {[%emt 0:00:01]} 13. Kh1 {[%emt 0:00:01]} Na6 {[%emt 0:00:01]} 14. Rg1 {[%emt 0:00:01]} Nc7 {[%emt 0:00:01]} 15. Ng3 {[%emt 0:00:02]} c5 {[%emt 0:00:01]} 16. Nce2 {[%emt 0:00:02]} c4 {[%emt 0:00:01]} 17. Bxc4 {[%emt 0:00:02]} dxc4 {[%emt 0:00:01]} 18. c3 {[%emt 0:00:00]} Nd5 {[%emt 0:00:01]} 19. Re1 {[%emt 0:00:02]} Ne3 {[%emt 0:00:02]} 20. Qd2 {[%emt 0:00:01]} Nd5 {[%emt 0:00:01]} 21. Ng1 {[%emt 0:00:01]} Kh8 {[%emt 0:00:01]} 22. Nf3 {[%emt 0:00:06]} Rg8 {[%emt 0:00:01]} 23. Ng5 {[%emt 0:00:01]} h6 {[%emt 0:00:02]} 24. Nf3 {[%emt 0:00:00]} Qf7 {[%emt 0:00:01]} 25. Nf1 {[%emt 0:00:00]} Qg6 {[%emt 0:00:01]} 26. g3 {[%emt 0:00:00]} Nxf4 {[%emt 0:00:03]} 27. Qxf4 {[%emt 0:00:02]} Nf8 {[%emt 0:00:03]} 28. N1d2 {[%emt 0:00:01]} Nh7 {[%emt 0:00:01]} 29. Kg1 {[%emt 0:00:01]} Ng5 {[%emt 0:00:01]} 30. Nxg5 {[%emt 0:00:02]} hxg5 {[%emt 0:00:01]} 31. Qf2 {[%emt 0:00:01]} g4 {[%emt 0:00:01]} 32. Qf4 {[%emt 0:00:02]} Qh6 {[%emt 0:00:01]} 33. Re3 {[%emt 0:00:02]} Qxf4 {[%emt 0:00:01]} 34. gxf4 {[%emt 0:00:00]} g5 {[%emt 0:00:00]} 35. fxg5 {[%emt 0:00:02]} Rxg5 {[%emt 0:00:00]} 36. Rg3 {[%emt 0:00:01]} Kg7 {[%emt 0:00:01]} 37. Kf2 {[%emt 0:00:01]} Kg6 {[%emt 0:00:00]} 38. Rgg1 {[%emt 0:00:01]} Rh8 {[%emt 0:00:01]} 39. Rae1 {[%emt 0:00:00]} Rxh2+ {[%emt 0:00:01]} 40. Kg3 {[%emt 0:00:01]} Rh3+ {[%emt 0:00:01]} 41. Kf2 {[%emt 0:00:01]} Rd3 {[%emt 0:00:02]} 42. Nf1 {[%emt 0:00:01]} Be4 {[%emt 0:00:03]} 43. Ng3 {[%emt 0:00:01]} Rf3+ {[%emt 0:00:01]} 44. Kg2 {[%emt 0:00:01]} Re3+ {[%emt 0:00:01]} 45. Nxe4 {[%emt 0:00:01]} Rxe1 {[%emt 0:00:00] Time (Lag: Av=0.43s, max=0.8s)} 0-1

[Event "Stay Safe Play From Home 349"]
[Site "Emanuel Lasker Arena"]
[Date "2020.08.02"]
[Round "7"]
[White "NTBT_DHS"]
[Black "little champs"]
[Result "1-0"]
[WhiteElo "2585"]
[BlackElo "2149"]
[Annotator "TA"]
[PlyCount "71"]
[EventDate "2020.08.02"]
[EventType "swiss (blitz)"]

{[%evp 13,70,1,35,-10,48,1,27,20,22,9,198,195,508,501,489,435,551,556,543,554,560,560,931,924,898,894,936,954,1068,893,866,695,697,695,693,693,787,820,906,732,796,791,895,867,918,897,1112,1083,1105,1090,1097,1067,1063,799,753,764,695,635,29999]} 1. d4 Nf6 2. c4 e6 3. Nf3 d5 4. g3 dxc4 5. Bg2 Be7 6. O-O O-O 7. Qc2 c5 8. Rd1 {E05: Open Catalan: 5 Nf3 Be7.} cxd4 {[#]} (8... Nc6 $11) 9. Rxd4 $146 ({Predecessor:} 9. Nxd4 Qb6 10. Na3 e5 11. Nxc4 Qc7 12. Nb5 Qc5 13. a4 Ng4 14. e3 Nc6 15. Qc3 Be6 {1-0 (33) Buckels,V (2273)-Sharma,D (2039) Hoogeveen 2016}) 9... Qc7 10. Rxc4 {White has an edge.} Nc6 11. Bf4 e5 $2 {[#]} (11... Qa5 $11 {and Black is okay.}) 12. Nxe5 $1 $18 {[%mdl 512]} Bd6 $2 (12... Qa5 {is tougher.}) (12... Nxe5 13. Rxc7) 13. Nxc6 Bxf4 14. Nb4 ({Weaker is} 14. Rxf4 bxc6 15. Nd2 (15. Bxc6 Be6 $16) (15. Qxc6 Qxc6 16. Bxc6 Rb8 $18) 15... Rb8 $16) 14... Qe5 15. gxf4 Qh5 16. Nc3 {[%cal Bb1c3,Bc3d5,Bd5e3][%mdl 32]} Bf5 17. e4 Ng4 18. exf5 Qxh2+ 19. Kf1 Rad8 20. Ncd5 Kh8 21. Qc3 a5 22. Qh3 Qxh3 23. Bxh3 Nh6 24. Ne3 axb4 25. Rxb4 Rfe8 26. Rc1 Ng8 27. Rc7 Nf6 28. Rbxb7 Rd2 29. Rxf7 Rg8 30. Bg2 Rd4 31. Bf3 Rxf4 32. Ke2 h5 33. Rxf6 gxf6 34. Bxh5 Rh4 35. Bg6 Re4 36. Rh7# {White took control after the opening.} 1-0

[Event "Stay Safe Play From Home 349"]
[Site "Emanuel Lasker Arena"]
[Date "2020.08.02"]
[Round "7"]
[White "BrainThinker22"]
[Black "Nuktotitakoi"]
[Result "1-0"]
[WhiteElo "2444"]
[BlackElo "2327"]
[Annotator "NA"]
[PlyCount "43"]
[EventDate "2020.08.02"]
[EventType "swiss (blitz)"]

1. e4 {[%emt 0:00:01]} d6 {[%emt 0:00:00]} 2. Nc3 {[%emt 0:00:01]} Nf6 {[%emt 0:00:00]} 3. g3 {[%emt 0:00:00]} g6 {[%emt 0:00:00]} 4. h3 {[%emt 0:00:00]} Bg7 {[%emt 0:00:00]} 5. Bg2 {[%emt 0:00:00]} c5 {[%emt 0:00:00]} 6. d3 {[%emt 0:00:00]} Nc6 {[%emt 0:00:00]} 7. Be3 {[%emt 0:00:00]} Rb8 {[%emt 0:00:01]} 8. Qd2 {[%emt 0:00:00]} b5 {[%emt 0:00:00]} 9. a3 {[%emt 0:00:00]} h5 {[%emt 0:00:03]} 10. Nge2 {[%emt 0:00:01]} a5 {[%emt 0:00:01]} 11. f4 {[%emt 0:00:01]} b4 {[%emt 0:00:01]} 12. axb4 {[%emt 0:00:00]} axb4 {[%emt 0:00:00]} 13. Nd1 {[%emt 0:00:00]} O-O {[%emt 0:00:01]} 14. O-O {[%emt 0:00:01]} Re8 {[%emt 0:00:00]} 15. e5 {[%emt 0:00:00]} dxe5 {[%emt 0:00:04]} 16. Bxc6 {[%emt 0:00:01]} Qc7 {[%emt 0:00:03]} 17. Bxe8 {[%emt 0:00:01]} Nxe8 {[%emt 0:00:01]} 18. fxe5 {[%emt 0:00:00]} Bxh3 {[%emt 0:00:01]} 19. Rf2 {[%emt 0:00:01]} Bxe5 {[%emt 0:00:00]} 20. Bf4 {[%emt 0:00:01]} Nf6 {[%emt 0:00:02]} 21. Bxe5 {[%emt 0:00:01]} Qxe5 {[%emt 0:00:00]} 22. Qf4 {[%emt 0:00:01] Nuktotitakoi resigns (Lag: Av=0.47s, max=0.6s)} 1-0

[Event "Stay Safe Play From Home 349"]
[Site "Emanuel Lasker Arena"]
[Date "2020.08.02"]
[Round "7"]
[White "AChessPlayer"]
[Black "Mepe_Nika"]
[Result "1-0"]
[WhiteElo "2407"]
[BlackElo "2361"]
[Annotator "TA"]
[PlyCount "95"]
[EventDate "2020.08.02"]
[EventType "swiss (blitz)"]

{[%evp 12,94,0,-18,-2,-39,0,-27,-25,-20,34,31,55,39,114,100,99,78,78,65,49,51,56,30,23,18,142,137,207,147,150,150,150,148,160,155,158,149,297,255,360,353,329,216,297,258,406,220,392,333,646,262,272,264,431,431,601,395,1313,1136,2439,2504,2243,1253,1207,1134,29982,1612,29990,29990,29995,29991,29991,29992,29997,29997,29998,29997,29997,29997,29998,29998,29998,29999,29999]} 1. Nf3 Nc6 2. g3 e5 3. d3 Nf6 4. Bg2 d5 5. O-O Be7 6. c4 dxc4 7. Qa4 {White wants to play Nxe5.} O-O {A07: Réti Opening: New York and Capablanca Systems.} 8. Qxc4 h6 9. a3 Be6 {Black has an edge.} 10. Qc2 {[#]} a6 $146 ({Black should play} 10... a5 $11) ({Predecessor:} 10... a5 11. b3 Nd4 12. Nxd4 exd4 13. Nd2 Nd5 14. Bb2 c5 15. Rae1 Bg5 16. Nf3 Rc8 17. Nxg5 Qxg5 {1-0 (29) Depasquale,C (2305)-Varley,P (2210) Southampton 1986}) 11. Nbd2 {[%cal Bb1d2,Bd2c4,Bc4a5,Ba5b3,Bb3d4,Bd4f3,Bf3e5][%mdl 32]} Nd5 12. b4 f5 (12... Qd7 $14) 13. Bb2 $16 Bf6 14. Nc4 {[%cal Rf3e5]} Nd4 15. Nxd4 exd4 16. Na5 Rb8 17. Rac1 c6 18. Nb3 Kh8 (18... Nc7 $11 {keeps the balance.}) 19. Nxd4 Bd7 (19... Qd7 $16) 20. Nf3 Re8 21. Bxf6 Qxf6 22. e3 Re7 23. d4 Rbe8 24. Ne5 Qe6 (24... Be6 $16 25. e4 fxe4 26. Bxe4 Rc7) 25. Qb3 Bc8 (25... Kh7 $142 26. Bxd5 Qxd5 27. Qxd5 cxd5) 26. Bxd5 $18 cxd5 27. f4 Kh7 28. Rc5 b6 (28... Qg8 {is a better defense.} 29. Qxd5 Qxd5 30. Rxd5 Be6) 29. Rc3 (29. Rc6 $142 Qg8 30. Rxb6) 29... a5 $2 (29... Bd7 30. a4 Rc8 31. Rxc8 Bxc8) 30. Rfc1 Ba6 $2 (30... Bb7 31. bxa5 bxa5) 31. b5 (31. Rc6 $142 Qg8 32. bxa5) 31... Bb7 32. Rc7 h5 $2 (32... Qd6 33. Qc2 g6) 33. R1c3 h4 34. Qc2 {[#] aiming for R7c6!} Qh6 $2 (34... Rxc7 35. Rxc7 Rc8) 35. g4 Qf6 36. g5 Qe6 37. Rxe7 Rxe7 38. g6+ Kg8 39. Rc7 (39. Qd1 $142 Re8 40. Qh5 Kf8 41. Rc7 Re7 42. Qh8+ Qg8 43. Qxg8+ {[%mdl 64] Overworked Piece} Kxg8 44. Rxe7) 39... Qd6 40. Rxb7 {White mates.} Re8 41. Rc7 Qf6 {[#]} 42. Qc6 $1 h3 43. Qxe8+ Qf8 44. Qxf8+ {[%mdl 64] Back Rank} Kxf8 45. Rf7+ Kg8 46. Nc6 a4 47. Rd7 {[%cal Rd7d8]} Kf8 48. Rd8# {Accuracy: White = 57%, Black = 19%.} 1-0

[Event "Stay Safe Play From Home 349"]
[Site "Emanuel Lasker Arena"]
[Date "2020.08.02"]
[Round "7"]
[White "SoulofWolf"]
[Black "Haris kollari 13"]
[Result "1-0"]
[WhiteElo "2044"]
[BlackElo "1697"]
[Annotator "NA"]
[PlyCount "49"]
[EventDate "2020.08.02"]
[EventType "swiss (blitz)"]

1. d4 {[%emt 0:00:01]} e6 {[%emt 0:00:01]} 2. c4 {[%emt 0:00:00]} d5 {[%emt 0:00:01]} 3. Nc3 {[%emt 0:00:03]} c6 {[%emt 0:00:00]} 4. Nf3 {[%emt 0:00:01]} Bd6 {[%emt 0:00:01]} 5. Bg5 {[%emt 0:00:01]} f6 {[%emt 0:00:01]} 6. Bh4 {[%emt 0:00:01]} Bd7 {[%emt 0:00:01]} 7. e4 {[%emt 0:00:01]} dxe4 {[%emt 0:00:04]} 8. Nxe4 {[%emt 0:00:00]} Bc7 {[%emt 0:00:01]} 9. Be2 {[%emt 0:00:02]} Ne7 {[%emt 0:00:01]} 10. O-O {[%emt 0:00:01]} Na6 {[%emt 0:00:02]} 11. a3 {[%emt 0:00:01]} h5 {[%emt 0:00:02]} 12. b4 {[%emt 0:00:03]} Qc8 {[%emt 0:00:08]} 13. Qc2 {[%emt 0:00:01]} g5 {[%emt 0:00:13]} 14. Nxf6+ {[%emt 0:00:03]} Kf7 {[%emt 0:00:02]} 15. Bxg5 {[%emt 0:00:00]} h4 {[%emt 0:00:03]} 16. Ne5+ {[%emt 0:00:05]} Bxe5 {[%emt 0:00:02]} 17. dxe5 {[%emt 0:00:01]} Nf5 {[%emt 0:00:01]} 18. Rad1 {[%emt 0:00:08]} Be8 {[%emt 0:00:01]} 19. c5 {[%emt 0:00:07]} h3 {[%emt 0:00:02]} 20. g3 {[%emt 0:00:01]} Kg6 {[%emt 0:00:04]} 21. f4 {[%emt 0:00:01]} Kf7 {[%emt 0:00:04]} 22. Bc4 {[%emt 0:00:01]} Ne3 {[%emt 0:00:01]} 23. Qa2 {[%emt 0:00:06]} Nxf1 {[%emt 0:00:04]} 24. f5 {[%emt 0:00:01]} Nxg3 {[%emt 0:00:03]} 25. Bxe6+ {[%emt 0:00:01] Time ' (Lag: Av=0.33s, max=0.8s)} 1-0

[Event "Stay Safe Play From Home 349"]
[Site "Emanuel Lasker Arena"]
[Date "2020.08.02"]
[Round "7"]
[White "Stefanone"]
[Black "SelamiSahin"]
[Result "0-1"]
[WhiteElo "2039"]
[BlackElo "2142"]
[Annotator "TA"]
[PlyCount "90"]
[EventDate "2020.08.02"]
[EventType "swiss (blitz)"]

{[%evp 9,90,-14,8,-12,-8,-74,-27,-43,-36,-50,-39,-48,-14,-31,-36,-68,-52,-71,-22,-100,-65,-54,-56,-261,-259,-275,-272,-280,-281,-278,-217,-461,-437,-575,-602,-624,-447,-525,-532,-519,-522,-519,-505,-510,-495,-563,-549,-547,-487,-572,-567,-710,-699,-1354,-1346,-5074,-2643,-29987,-1938,-29988,-1331,-1303,-1329,-1299,-1271,-2638,-2363,-29974,-29975,-29983,-29984,-29987,-29988,-29988,-29986,-29986,-29987,-29988,-29989,-29993,-29993,-29995,-29995]} 1. d4 c6 2. e3 d5 3. f4 Bf5 4. Nf3 e6 5. Bd3 {[#]} Bg6 $146 ({Predecessor:} 5... Nf6 6. Bxf5 exf5 7. O-O Ne4 8. Nbd2 g6 9. Nxe4 fxe4 10. Ne5 Bg7 11. Qe2 Nd7 12. c4 Nf6 13. cxd5 cxd5 14. Qb5+ Kf8 15. Qxb7 Kg8 16. Qxf7# {1-0 (16) Hausmann,U (1551)-Klemens,P (1746) Playchess.com INT 2020}) 6. Bxg6 {D00: 1 d4 d5: Unusual lines.} hxg6 7. Ne5 (7. b3 $11) 7... Ne7 8. O-O {Black has an edge.} Nf5 9. c4 Nd7 {[%cal Bb8d7,Bd7b6,Bb6c4][%mdl 32]} 10. cxd5 cxd5 (10... exd5 {seems wilder.} 11. Bd2 Nf6 12. Qe2 a5 13. Nc3 Be7) 11. Qb3 Qb6 $36 {[%mdl 2048] Black has the initiative.} 12. Qxb6 Nxb6 13. Nc3 Bd6 14. Bd2 (14. g4 $11 {remains equal.} Ne7 15. b3) 14... Bxe5 15. fxe5 Nc4 {[%mdl 64] [#] Double Attack} 16. Be1 $2 {White does not recover from this.} ({Better is} 16. Rf2 $15) 16... Ncxe3 $19 ({Not} 16... Nfxe3 17. Rf2 $17) 17. Rf3 Nc2 18. Rc1 Ncxd4 19. Rf2 a6 20. g4 $2 (20. Na4 {might work better.}) 20... Ne3 21. Bd2 Nxg4 {[%mdl 64] [#] Double Attack} 22. Rg2 Nh6 23. Rd1 {If White can now play Bxh6 this consolidates a bit.} Nf3+ 24. Kf2 Nxd2 25. Rxd2 Nf5 26. Ne2 Rc8 27. Nf4 Rh4 28. Nd3 Rd4 29. Ke2 Ke7 30. h4 Rxh4 31. Nb4 Rxb4 32. b3 Re4+ 33. Kd1 Rc3 (33... Ne3+ $142 34. Ke2 Nxg2+ 35. Kf1 Ne3+ 36. Kf2 Rc2 37. Rxc2 Nxc2 38. Kf3 Re3+ 39. Kg2 d4 40. Kh1 d3 41. Kg1 d2 42. Kg2 d1=Q 43. Kh2 Qd2+ 44. Kh1 Re1#) 34. Rc2 Rd4+ (34... Ne3+ $142 35. Kc1 Rxc2+ 36. Rxc2 Nxc2 37. Kxc2 g5 38. b4 g4 39. Kb2 g3 40. Kc3 g2 41. b5 g1=Q 42. bxa6 Qc1+ 43. Kb3 bxa6 44. a4 Re3+ 45. Kb4 Qc3#) 35. Kc1 Rxc2+ 36. Rxc2 {[%mdl 4096] Endgame KRN-KR} Kd7 37. Kb2 g5 38. Rh2 g4 {Black mates.} 39. Rh8 g3 40. Rh1 g2 41. Rg1 Rd2+ 42. Kc3 Rxa2 43. b4 Nh4 44. Kd4 Nf3+ {[%mdl 64] Double Attack} 45. Kc5 Nxg1 {Accuracy: White = 43%, Black = 64%.} 0-1

[Event "Stay Safe Play From Home 349"]
[Site "Emanuel Lasker Arena"]
[Date "2020.08.02"]
[Round "7"]
[White "Edmatuag"]
[Black "TheCHESSHOUSE"]
[Result "1-0"]
[WhiteElo "1665"]
[BlackElo "2054"]
[Annotator "TA"]
[PlyCount "75"]
[EventDate "2020.08.02"]
[EventType "swiss (blitz)"]

{[%evp 9,74,-50,-37,-48,-15,-35,-13,-32,2,-14,35,0,22,4,10,-187,-177,-196,-195,-202,-170,-310,-264,-291,-270,-313,-297,-315,-335,-322,-316,-304,-197,-207,-95,-84,-71,-78,-65,-62,-2,-160,-100,-109,-108,-134,-57,-56,-54,-113,-40,-186,-33,-199,-205,-266,-100,-93,-79,-81,8,8,8,0,0,0,29999]} 1. e4 c5 2. d3 d6 3. Nf3 Nc6 4. h3 g6 5. g4 Bg7 6. Bg2 {B50: Sicilian: 2...d6, Miscellaneous.} Nf6 7. c3 {[#]} Bd7 $146 ({Predecessor:} 7... Qb6 8. Na3 Na5 9. Rb1 h5 10. g5 Nd7 11. Bd2 a6 12. Be3 Qc7 13. h4 b5 {0-1 (60) Hevia de los Rios,A-Garcia Gonzalez,F Oviedo 2004}) 8. Be3 {The position is equal.} Qc7 9. Nbd2 {[%cal Bb1d2,Bd2f1,Bf1g3][%mdl 32]} a6 10. Nf1 b5 11. Ng3 h5 12. Qd2 $2 (12. g5 $11 {and White is okay.} Nh7 13. O-O) 12... hxg4 $19 13. hxg4 Rxh1+ ({Don't take} 13... Bxg4 14. Rxh8+ Bxh8 15. d4 $15) 14. Bxh1 Nxg4 ({Don't do} 14... Bxg4 15. d4 $17) 15. Ng5 (15. e5 $142) 15... Nxe3 16. fxe3 Bf6 17. Nh7 Bh4 18. Qh2 Bxg3+ $1 19. Qxg3 O-O-O 20. Ng5 Rf8 21. O-O-O Ne5 (21... f6 $19 {is more deadly.} 22. Nh3 Qa5) 22. d4 $17 cxd4 23. exd4 Nc4 24. e5 f6 (24... Qa5 $15 25. Kb1 b4 26. cxb4 Qxb4) 25. e6 $2 (25. exf6 $11 Rxf6 26. Ne4) 25... Be8 ({Much less strong is} 25... fxg5 26. exd7+ Qxd7 27. b3 $15) (25... Bc6 $142 26. Nf7 g5 27. Bxc6 Qxc6) 26. Qf3 {White wants to play Qa8+.} Nb6 27. Nf7 Bxf7 ({Black should try} 27... d5 $17 28. Bg2 Bxf7 29. exf7 Qd6) 28. exf7 $15 Rxf7 29. Kb1 (29. Qg4+ $15 Kb8 30. Qxg6) 29... f5 ({Black should play} 29... Qd7 $17 {Strongly threatening ...Qf5+.} 30. a4 e6) 30. Re1 (30. Rg1 $15) 30... Rf8 $2 (30... e5 $19 {White must now prevent ...e4.} 31. dxe5 dxe5) 31. Re6 $2 (31. Rg1 $15) 31... Rf6 $19 32. Qe3 Rxe6 $2 (32... Kd8 $19 {has better winning chances. ...Rxe6 is the strong threat.} 33. Rxf6 exf6) 33. Qxe6+ $17 {[%mdl 64] [#] Double Attack} Kb8 {Hoping for ...Qc4.} 34. Qxg6 Qc4 (34... Qd7 $17) 35. Qxf5 $11 Qe2 {[%cal Re2d1]} 36. Qf3 {[%csl Gh1][%cal Rf3b7]} Qe1+ 37. Kc2 {[%csl Gh1][%cal Rf3b7]} Qe6 $2 {[%mdl 8192] [#]} (37... d5 $11) 38. Qb7# {Accuracy: White = 44%, Black = 39%.} 1-0

[Event "Stay Safe Play From Home 349"]
[Site "Emanuel Lasker Arena"]
[Date "2020.08.02"]
[Round "7"]
[White "Trotsky"]
[Black "Uber_WING"]
[Result "0-1"]
[WhiteElo "1642"]
[BlackElo "2357"]
[Annotator "TA"]
[PlyCount "22"]
[EventDate "2020.08.02"]
[EventType "swiss (blitz)"]

{[%evp 9,22,-193,-191,-281,-139,-450,-456,-607,-606,-614,-609,-683,-647,-700,-631]} 1. d4 e5 2. e3 exd4 3. e4 ({Predecessor:} 3. exd4 d5 4. Bd3 c5 5. Nf3 c4 6. Be2 Nf6 7. O-O h6 8. b3 cxb3 9. axb3 Bd6 10. Nc3 Nc6 11. Nb5 Be7 12. Bf4 O-O 13. Bc7 Qd7 14. Ne5 Nxe5 15. Bxe5 a6 16. Nc7 Ra7 17. Nb5 Ra8 18. Nc7 Ra7 19. Nb5 {½-½ (19) Larino Nieto,D (2495)-Fier,A (2589) Leiria 2017}) 3... d5 4. e5 Nc6 5. c3 dxc3 6. Nxc3 {A40: Unusual replies to 1 d4.} (6. Bb5 $142) 6... Be6 (6... d4 $19 7. Nce2 Qd5) 7. Be3 $2 {[%mdl 8192]} (7. Bb5 $17) 7... d4 $19 {[%mdl 64] [#] Double Attack. Black is clearly winning.} 8. Qc2 dxe3 9. fxe3 Qg5 10. Qd2 Rd8 11. Qe2 Bc5 {Black took control after the opening.} 0-1

[Event "Stay Safe Play From Home 349"]
[Site "Emanuel Lasker Arena"]
[Date "2020.08.02"]
[Round "8"]
[White "BrainThinker22"]
[Black "SoulofWolf"]
[Result "0-1"]
[WhiteElo "2456"]
[BlackElo "2048"]
[Annotator "NA"]
[PlyCount "126"]
[EventDate "2020.08.02"]
[EventType "swiss (blitz)"]

1. e4 {[%emt 0:00:01]} d5 {[%emt 0:00:00]} 2. exd5 {[%emt 0:00:01]} c6 {[%emt 0:00:00]} 3. dxc6 {[%emt 0:00:01]} e6 {[%emt 0:00:00]} 4. cxb7 {[%emt 0:00:01]} Bxb7 {[%emt 0:00:00]} 5. Bb5+ {[%emt 0:00:01]} Nd7 {[%emt 0:00:01]} 6. Nf3 {[%emt 0:00:01]} Bc5 {[%emt 0:00:01]} 7. Nc3 {[%emt 0:00:01]} Ne7 {[%emt 0:00:01]} 8. d4 {[%emt 0:00:00]} Bb6 {[%emt 0:00:00]} 9. O-O {[%emt 0:00:01]} O-O {[%emt 0:00:01]} 10. Re1 {[%emt 0:00:01]} Nf6 {[%emt 0:00:01]} 11. Bg5 {[%emt 0:00:01]} a6 {[%emt 0:00:01]} 12. Bxf6 {[%emt 0:00:01]} axb5 {[%emt 0:00:00]} 13. Bxe7 {[%emt 0:00:01]} Qxe7 {[%emt 0:00:01]} 14. Nxb5 {[%emt 0:00:00]} Qf6 {[%emt 0:00:02]} 15. Nc3 {[%emt 0:00:01]} Rad8 {[%emt 0:00:02]} 16. a4 {[%emt 0:00:03]} Qg6 {[%emt 0:00:01]} 17. a5 {[%emt 0:00:02]} Bxd4 {[%emt 0:00:02]} 18. Kh1 {[%emt 0:00:03]} Bxf2 {[%emt 0:00:01]} 19. Qe2 {[%emt 0:00:01]} Bxe1 {[%emt 0:00:03]} 20. Rxe1 {[%emt 0:00:00]} Ra8 {[%emt 0:00:04]} 21. b4 {[%emt 0:00:01]} Ba6 {[%emt 0:00:00]} 22. Qf2 {[%emt 0:00:03]} Qf6 {[%emt 0:00:03]} 23. Ne4 {[%emt 0:00:01]} Qb2 {[%emt 0:00:04]} 24. Nc5 {[%emt 0:00:01]} Qxb4 {[%emt 0:00:02]} 25. Ra1 {[%emt 0:00:06]} Bb5 {[%emt 0:00:05]} 26. a6 {[%emt 0:00:01]} Rfc8 {[%emt 0:00:02]} 27. Nd3 {[%emt 0:00:04]} Qc3 {[%emt 0:00:04]} 28. Re1 {[%emt 0:00:04]} Bxd3 {[%emt 0:00:01]} 29. cxd3 {[%emt 0:00:01]} Qxd3 {[%emt 0:00:00]} 30. a7 {[%emt 0:00:01]} Qc3 {[%emt 0:00:02]} 31. Rg1 {[%emt 0:00:01]} Rc7 {[%emt 0:00:03]} 32. Qb6 {[%emt 0:00:01]} Rcxa7 {[%emt 0:00:01]} 33. Qd6 {[%emt 0:00:01]} h6 {[%emt 0:00:01]} 34. h3 {[%emt 0:00:01]} Qf6 {[%emt 0:00:00]} 35. Qg3 {[%emt 0:00:01]} Ra6 {[%emt 0:00:00]} 36. Qf2 {[%emt 0:00:00]} Ra3 {[%emt 0:00:01]} 37. Qd2 {[%emt 0:00:00]} Ra2 {[%emt 0:00:00]} 38. Qe3 {[%emt 0:00:01]} Qg6 {[%emt 0:00:00]} 39. Qc5 {[%emt 0:00:01]} R8a5 {[%emt 0:00:01]} 40. Qd6 {[%emt 0:00:01]} Kh7 {[%emt 0:00:00]} 41. Qd8 {[%emt 0:00:01]} R5a3 {[%emt 0:00:01]} 42. Qh4 {[%emt 0:00:00]} Ra4 {[%emt 0:00:01]} 43. Qe1 {[%emt 0:00:01]} Ra1 {[%emt 0:00:01]} 44. Qf1 {[%emt 0:00:00]} Rxf1 {[%emt 0:00:01]} 45. Rxf1 {[%emt 0:00:00]} Ra2 {[%emt 0:00:00]} 46. Rg1 {[%emt 0:00:00]} Rf2 {[%emt 0:00:01]} 47. Kh2 {[%emt 0:00:00]} Rxf3 {[%emt 0:00:00]} 48. gxf3 {[%emt 0:00:00]} Qf5 {[%emt 0:00:01]} 49. Rg2 {[%emt 0:00:00]} Qf4+ {[%emt 0:00:00]} 50. Rg3 {[%emt 0:00:00]} Qe5 {[%emt 0:00:00]} 51. Kg2 {[%emt 0:00:00]} f5 {[%emt 0:00:00]} 52. Kf2 {[%emt 0:00:00]} f4 {[%emt 0:00:00]} 53. Rg4 {[%emt 0:00:01]} Qd4+ {[%emt 0:00:01]} 54. Kg2 {[%emt 0:00:00]} Qe3 {[%emt 0:00:00]} 55. Kh2 {[%emt 0:00:00]} h5 {[%emt 0:00:00]} 56. Rg2 {[%emt 0:00:00]} Qxf3 {[%emt 0:00:01]} 57. Rg1 {[%emt 0:00:00]} Qe4 {[%emt 0:00:00]} 58. Rg2 {[%emt 0:00:00]} f3 {[%emt 0:00:00]} 59. Rf2 {[%emt 0:00:00]} Qe5+ {[%emt 0:00:00]} 60. Kg1 {[%emt 0:00:01]} Qf4 {[%emt 0:00:00]} 61. Kf1 {[%emt 0:00:00]} Qg3 {[%emt 0:00:00]} 62. Rxf3 {[%emt 0:00:01]} Qxh3+ {[%emt 0:00:00]} 63. Ke1 {[%emt 0:00:00]} Qh1+ {[%emt 0:00:00] Time (Lag: Av=0.37s, max=1.0s)} 0-1